[Event "Stuttgart-chA int"]
[Site "Ditzingen"]
[Date "2005.05.07"]
[Round "5"]
[White "Kohler, Manuel"]
[Black "Giraud, Sylvain"]
[Result "1-0"]
[WhiteElo "1835"]
[BlackElo "2041"]
[PlyCount "127"]
[EventDate "2005.05.05"]
[EventType "swiss"]
[EventRounds "7"]
[EventCountry "GER"]
[SourceTitle "EXT 2018"]
[Source "ChessBase"]
[SourceDate "2017.10.13"]
[SourceVersion "1"]
[SourceVersionDate "2017.10.13"]
[SourceQuality "1"]

1. Nf3 Nf6 2. d4 b5 3. e3 b4 4. c4 bxc3 5. Nxc3 e6 6. Bd3 c5 7. 0-0 Nc6 8. a3 a5 9. Re1 Be7 10. Ne4 Nxe4 11. Bxe4 d5 12. Bc2 Ba6 13. Ba4 Qb6 14. Ne5 Bb7 15. dxc5 Bxc5 16. Qf3 Qc7 17. Qg3 Bd6 18. f4 0-0 19. Ng4 Be7 20. Bd2 f5 21. Bxc6 Bxc6 22. Ne5 Qb7 23. Rac1 Bb5 24. Rc3 a4 25. Rec1 Rac8 26. Rxc8 Rxc8 27. Rxc8+ Qxc8 28. Qe1 Qc2 29. Qc1 Qxc1+ 30. Bxc1 Kf8 31. Kf2 g5 32. g3 g4 33. Bd2 Ke8 34. Bc3 Kd8 35. Ke1 Kc7 36. Bd4 Kb7 37. Kd2 Ka6 38. Kc3 Be8 39. Nd3 Kb5 40. Ne5 Bd8 41. Nd3 Ba5+ 42. Nb4 Bd7 43. Ba7 Bc8 44. Bd4 Bd7 45. Ba7 Bc7 46. Bd4 Ka5 47. Bc5 Bb5 48. Bd4 Bf1 49. Bc5 Kb5 50. Bd4 Bg2 51. Ba7 Be4 52. Bd4 Bb1 53. Bf6 h5 54. Bd4 Bd8 55. Ba7 h4 56. Bd4 hxg3 57. hxg3 Bh4 58. gxh4 g3 59. e4 dxe4 60. h5 g2 61. h6 e5 62. fxe5 e3 63. Bxe3 f4 64. Bf2 1-0

[Event "Wuerttemberg-ch U18"]
[Site "Friedrichshafen"]
[Date "2005.04.01"]
[Round "6"]
[White "Mueller, Ulrich"]
[Black "Kohler, Manuel"]
[Result "1-0"]
[WhiteElo "1758"]
[BlackElo "1612"]
[PlyCount "41"]
[EventDate "2005.03.29"]
[EventType "swiss"]
[EventRounds "7"]
[EventCountry "GER"]
[SourceTitle "EXT 2007"]
[Source "ChessBase"]
[SourceDate "2006.11.23"]
[SourceVersion "1"]
[SourceVersionDate "2006.11.23"]
[SourceQuality "1"]

1. e4 c5 2. d4 cxd4 3. c3 dxc3 4. Nxc3 e6 5. Bc4 a6 6. Nf3 b5 7. Bb3 Bb7 8. Qe2 Bb4 9. 0-0 Ne7 10. Bg5 f6 11. Bf4 0-0 12. Rfd1 Qb6 13. Bxb8 Raxb8 14. Rxd7 Kh8 15. Rad1 e5 16. R7d3 Ng6 17. g3 f5 18. Nd5 Qc5 19. Ng5 Bxd5 20. Rxd5 Qe7 21. h4 1-0